| 000 | 01279nam a22003497a 4500 | ||
|---|---|---|---|
| 003 | CHAP | ||
| 005 | 20220329143102.0 | ||
| 008 | 060221d2005 mx a r 00010 spa d | ||
| 010 | _a91736 | ||
| 011 | _a92708 | ||
| 035 | _a103273 | ||
| 040 | _cCHAP | ||
| 090 | _aTesis | ||
| 100 | 1 |
_aSánchez Ruiz, Víctor Manuel. _9107827 |
|
| 245 | 1 | 0 |
_aEstudio econométrico del mercado del limón mexicano (Citrus aurantifolia) en México 1980-2004 _c/por Víctor Manuel Sánchez Ruiz |
| 260 |
_aChapingo, Méx. : _bEl autor, _c2005 |
||
| 300 |
_a82 h. : _bgráfs., cuadros |
||
| 502 | _aTesis (Lic. en Estadística) -- UACH. División de Ciencias Forestales | ||
| 590 |
_aALEPH _b10 _c20130110 _lUCH01 _h1509 |
||
| 590 |
_aBATCH-UPD _b10 _c20130110 _lUCH01 _h0458 |
||
| 590 |
_aBATCH-UPD _b10 _c20130410 _lUCH01 _h0136 |
||
| 590 |
_aBATCH-UPD _b10 _c20130914 _lUCH01 _h1257 |
||
| 590 |
_aCONVERSION _b10 _c20130109 _lUCH01 _h1351 |
||
| 650 | 0 | 4 |
_aLimón _xMercadeo _zMéxico. _966839 |
| 650 | 1 | 4 |
_aEconometría. _935201 |
| 650 | 1 | 4 |
_aLimón _zMéxico. _966855 |
| 901 | _aBK | ||
| 905 | _aMarco A. Mendoza T. | ||
| 942 | _cFOLL | ||
| 949 |
_aTesis _bBC _cTES _d00000001032731 _eTS1 _gDonaciØn _h44691 _i103273 _sb |
||
| 949 |
_aTesis _bBC _cTES _d33724000980181 _eTS2 _fc.2 _gDonaciØn _h44692 _i103273 _si |
||
| 999 |
_c91736 _d91736 |
||